| 000 | 00828nam a22002297a 4500 | ||
|---|---|---|---|
| 999 |
_c7259 _d7259 |
||
| 003 | OSt | ||
| 005 | 20191121152436.0 | ||
| 008 | 191106e2019 spca|||| |||||0|| 0 cat|d | ||
| 017 |
_aDL B 20103-2019 _bBiblioteca de Catalunya |
||
| 020 | _a9788417804183 | ||
| 040 |
_aES-BaICIP _bcat _cCDMR |
||
| 100 | 1 |
_aCasas, Ferran, _d1977- |
|
| 245 | 1 | 0 |
_aTota la veritat _b: la crònica definitiva dels dies decisius del Procés / _cFerran Casas [i 5 més] ; pròleg d'Enric Juliana |
| 260 |
_aBarcelona : _bAra Llibres, _c2019 |
||
| 300 |
_a345 p. ; _c21 cm |
||
| 650 | 7 |
_aIndependència _zCatalunya _xHistòria _yS.XXI _2lemac |
|
| 650 | 0 | 4 |
_aAutodeterminació nacional _zCatalunya |
| 650 | 4 |
_aReferèndum _zCatalunya _y2017 |
|
| 651 | 7 |
_aCatalunya _xPolítica i govern _yS. XXI _2lemac |
|
| 700 | 1 |
_aJuliana, Enric, _d1957- |
|
| 942 |
_cMON _2udc |
||